Search the Library Catalogue
| 000 -LEADER | |
|---|---|
| fixed length control field | 00760nam a2200217Ia 4500 |
| 008 - FIXED-LENGTH DATA ELEMENTS--GENERAL INFORMATION | |
| fixed length control field | 191130s2000##################000#0#eng## |
| 020 ## - INTERNATIONAL STANDARD BOOK NUMBER | |
| ISBN | 9780684800288 |
| 082 ## - DEWEY DECIMAL CLASSIFICATION NUMBER | |
| Classification number | 641.5945 HAZ |
| 100 ## - MAIN ENTRY--AUTHOR NAME | |
| Personal name | Hazan, Giuliano |
| 245 ## - TITLE STATEMENT | |
| Title | Every night Italian : 120 simple, delicious recipes you can prepare in 45 minutes or less |
| Statement of responsibility, etc | Giuliano Hazan ; color photographs by Dana Gallagher ; illustrations by Glenn Wolff ; foreword by Marcella Hazan |
| 260 ## - PUBLICATION, DISTRIBUTION, ETC. (IMPRINT) | |
| Place of publication | New York |
| Name of publisher | Scribner |
| Year of publication | c2000 |
| 300 ## - PHYSICAL DESCRIPTION | |
| Number of Pages | 256 p. : ill. (some col.) ; cm |
| 500 ## - GENERAL NOTE | |
| General note | Includes indexes |
| 650 ## - SUBJECT ADDED ENTRY--TOPICAL TERM | |
| Topical Term | Cooking, Italian |
| Topical Term | Quick and easy cooking |
| 991 ## - | |
| -- | 315119 |
| Withdrawn status | Lost status | Damaged status | Not for loan | Home library | Current library | Shelving location | Date acquired | Full call number | Accession Number | Price effective from | Koha item type |
|---|---|---|---|---|---|---|---|---|---|---|---|
| Anna Centenary Library | Anna Centenary Library | 6TH FLOOR, A WING | 13.10.2020 | 641.5945 HAZ | 448312 | 13.10.2020 | English Books |